INDIAN POLITICAL SYSTEM (Record no. 10254)

MARC details
000 -LEADER
fixed length control field 00323nam a22001457a 4500
003 - CONTROL NUMBER IDENTIFIER
control field SGT
020 ## - INTERNATIONAL STANDARD BOOK NUMBER
International Standard Book Number 9788126143054
082 ## - DEWEY DECIMAL CLASSIFICATION NUMBER
Classification number 320.954,JOH
100 ## - MAIN ENTRY--PERSONAL NAME
Personal name JOHARI,J.C.
245 ## - TITLE STATEMENT
Title INDIAN POLITICAL SYSTEM
260 ## - PUBLICATION, DISTRIBUTION, ETC. (IMPRINT)
Place of publication, distribution, etc NEW DELHI
Name of publisher, distributor, etc ANMOL
Year of Publication 2010
300 ## - PAGE DESCRIPTION
No. of Pages 370
650 ## - SUBJECT ADDED ENTRY--TOPICAL TERM
Topical term or geographic name as entry element INDIAN POLITICAL SYSTEM
942 ## - ADDED ENTRY ELEMENTS (KOHA)
Source of classification or shelving scheme Dewey Decimal Classification
Koha item type Books
942 ## - ADDED ENTRY ELEMENTS (KOHA)
-- 2
Holdings
Withdrawn status Lost status Source of classification or shelving scheme Damaged status Not for loan Collection code Home library Current library Shelving location Date acquired Vendor Name Cost, normal purchase price SGTU Bill Number Full call number Accession No. (Barcode) Date last seen Bill Date Koha item type Total Checkouts Date last borrowed
    Dewey Decimal Classification   Not For Loan LAW SGT Science & Social Sciences Library SGT Science & Social Sciences Library Reference Book 16/12/2016 JBC PUBLICATION 295.00 SGTU 4 320.954,JOH FL926 16/12/2016 07/04/2015 Books    
    Dewey Decimal Classification     LAW SGT Science & Social Sciences Library SGT Science & Social Sciences Library Text Book 16/12/2016 JBC PUBLICATION 295.00 SGTU 4 320.954,JOH FL927 16/12/2016 07/04/2015 Books    
    Dewey Decimal Classification     LAW SGT Science & Social Sciences Library SGT Science & Social Sciences Library Text Book 16/12/2016 JBC PUBLICATION 295.00 SGTU 4 320.954,JOH FL928 17/11/2025 07/04/2015 Books 2 04/11/2025
    Dewey Decimal Classification     LAW SGT Science & Social Sciences Library SGT Science & Social Sciences Library Text Book 16/12/2016 JBC PUBLICATION 295.00 SGTU 4 320.954,JOH FL929 19/04/2023 07/04/2015 Books 4 18/04/2023
    Dewey Decimal Classification     LAW SGT Science & Social Sciences Library SGT Science & Social Sciences Library Text Book 16/12/2016 JBC PUBLICATION 295.00 SGTU 4 320.954,JOH FL930 19/04/2023 07/04/2015 Books 2 18/04/2023